00959cam a2200265 a 450000500170000000800410001702000280005802000260008604000290011204100080014104400070014908200170015624500950017326000710026830000570033950000290039650400540042565000180047965000150049765000480051265000240056065000290058470000510061370000290066420191217042650.0940518s1994 gw a b 001 0 eng  a9783540581031 (impreso) a9783642580017 (ebook) aDLCcDLCdDLCdCO-BoIAVH0 aeng agx00a577.88bB61e00aBiodiversity and ecosystem function /ceditado por Ernst-Detlef Schulze y Harold A. Mooney aBerlin (Alemania) ;aNew York (EE.UU.) :bSpringer-Verlag,cc1994. axxvii, 525 páginas :bilustraciones ;c24 x 16 cm. a"Springer study edition" aIncluye referencias bibliográficas e índices.26aBiodiversidad26aBiocenosis26aConservación de la diversidad biológica26aSistemas de cultivo26aFunciones del ecosistema1 aSchulze, E. D.q(Ernst-Detlef),d1941-eeditor1 aMooney, Harold Aeeditor